000 00450nam a2200169Ia 4500
008 230917s9999||||xx |||||||||||||| ||und||
020 _cRS300
040 _e230901
_aMAIN
041 _aEnglish
082 _a346.0134 J199U
100 _aJain, Arvind
245 0 _aUttradhikar banam putradhikor
260 _aNew Delhi
_bRaj Kamal Prakashan
_c2015
300 _a159 p.
500 _a2270 01/02/2016 HBD15/1631 17/02/2016 Main Budget
942 _cBK
999 _c17980
_d17980